Подробности
| 000 -МАРКЕР |
| контрольное поле |
03445nam2a22003131 4500 |
| 001 - ИДЕНТИФИКАТОР ЗАПИСИ |
| контрольное поле |
RU\NLR\19V\934725 |
| 005 - ИДЕНТИФИКАТОР ВЕРСИИ |
| контрольное поле |
20250620110318.0 |
| 035 ## - ДРУГИЕ СИСТЕМНЫЕ НОМЕРА |
| Идентификатор записи |
(NLR Aleph) 005290287 |
| 100 ## - ДАННЫЕ ОБЩЕЙ ОБРАБОТКИ |
| Данные общей обработки |
20130702d1890 |||y0rusy50 ca |
| 101 0# - ЯЗЫК РЕСУРСА |
| Язык текста, звукозаписи и т.д. |
русский |
| 102 ## - СТРАНА ПУБЛИКАЦИИ ИЛИ ПРОИЗВОДСТВА |
| Страна публикации |
Российская Федерация |
| 105 ## - ПОЛЕ КОДИРОВАННЫХ ДАННЫХ: ТЕКСТОВЫЕ МАТЕРИАЛЫ, МОНОГРАФИЧЕСКИЕ |
| Кодированные данные о монографическом текстовом документе |
y z ||||| |
| 200 1# - ЗАГЛАВИЕ И СВЕДЕНИЯ ОБ ОТВЕТСТВЕННОСТИ |
| Основное заглавие |
Свод замечаний, представленных совещательными по части промышленности и торговли учреждениями, некоторыми сельскохозяйственными обществами и частными лицами по запискам, составленным профессором Ильиным в сотрудничестве с адъюнкт-профессором Ланговым и инженер-технологом Голковским о а) прядильных материалах и изделиях из оных; б) о вещах для музеев, образцах, турецких тканях, платье и белье, перьях и искусственных цветах, стеклярусе и бисере, шляпах и фуражках, зонтиках, игрушках, принадлежностях для письма и рисования, музыкальных инструментах, постелях и подушках набитых |
| 210 ## - ПУБЛИКАЦИЯ, РАСПРОСТРАНЕНИЕ И ДР. |
| Дата издания, распространения и т.д. |
1890 |
| Место издания, распространения и т.д. |
Б. м. |
| 215 ## - ФИЗИЧЕСКАЯ ХАРАКТЕРИСТИКА |
| Специфическое обозначение материала и объем |
188 с. |
| Размеры |
35 |
| 316 ## - ПРИМЕЧАНИЯ ОБ ОСОБЕННОСТЯХ ЭКЗЕМПЛЯРА |
| Текст примечания |
Экз. РНБ на шифре 18.195.1.21 (ал. 6) приплетен к томам 1-[5] записок Ильина |
| Организация и экземпляр, к которому относится поле |
NLR: 18.195.1.21 (ал. 6) |
| 461 #0 - УРОВЕНЬ НАБОРА |
| Встроенное поле |
001rc\1530500 |
| -- |
2001#$aМатериалы к пересмотру общего таможенного тарифа Российской империи по европейской торговле |
| Системный номер (АБИС) связанной записи |
6125698 |
| Автор |
Россия. Комиссия для общего пересмотра таможенного тарифа |
| Место публикации |
Спб [Санкт-Петербург] |
| Дата публикации |
1887–1901 |
| Имя издателя, распространителя и т.д. |
Типография В. Киршбаума |
| Заглавие |
Материалы к пересмотру общаго таможеннаго тарифа Российской Империи по европейской торговле |
| 482 #0 - ПРИПЛЕТЕНО К |
| Встроенное поле |
2001#$aЗаписка о шерсти и шерстяных изделиях, составленная Профессором С.-Петербургского Технологического Института Н.П. Ильиным и Адъюнкт-Профессором Института Н.П. Ланговым |
| -- |
210##$d1889 |
| Заглавие |
Записка о шерсти и шерстяных изделиях, составленная Профессором С.-Петербургского Технологического Института Н.П. Ильиным и Адъюнкт-Профессором Института Н.П. Ланговым |
| 702 #1 - ИМЯ ЛИЦА - ВТОРИЧНАЯ ОТВЕТСТВЕННОСТЬ |
| Начальный элемент ввода |
Ильин |
| Часть имени, кроме начального элемента ввода |
Н. П. |
| Даты |
1832-1892 |
| Расширение инициалов личного имени |
Николай Павлович |
| Код отношения |
Прочие |
| Графика поля |
Кириллица |
| 702 #1 - ИМЯ ЛИЦА - ВТОРИЧНАЯ ОТВЕТСТВЕННОСТЬ |
| Код отношения |
Прочие |
| Графика поля |
Кириллица |
| Материалы, к которым относится поле |
rus |
| Начальный элемент ввода |
Ланговой |
| Часть имени, кроме начального элемента ввода |
Н. П. |
| Дополнения к именам, кроме дат |
гос. служащий, специалист в обл. текстильного дела |
| Даты |
1860-1920 |
| Расширение инициалов личного имени |
Николай Петрович |
| Системный номер авторитетной/нормативной записи |
196790 |
| Идентификатор авторитетной/нормативной записи |
RU\NLR\AUTH\770196841 |
| 702 #1 - ИМЯ ЛИЦА - ВТОРИЧНАЯ ОТВЕТСТВЕННОСТЬ |
| Начальный элемент ввода |
Голковский |
| Часть имени, кроме начального элемента ввода |
С. И. |
| Код отношения |
Прочие |
| 801 #0 - ИСТОЧНИК ЗАПИСИ |
| Страна |
Российская Федерация |
| Организация |
NLR |
| Дата составления |
20130702 |
| Правила каталогизации |
psbo |
| 801 #1 - ИСТОЧНИК ЗАПИСИ |
| Страна |
Российская Федерация |
| Организация |
NLR |
| Дата составления |
20130702 |
| Источник данных |
rusmarc |
| 801 #2 - ИСТОЧНИК ЗАПИСИ |
| Страна |
Российская Федерация |
| Организация |
NLR |
| Дата составления |
20130702 |
| Источник данных |
rusmarc |
| 852 ## - МЕСТОНАХОЖДЕНИЕ И ШИФР ХРАНЕНИЯ |
| Идентификатор организации |
NLR |
| Шифр хранения (Call Number) |
18.195.1.21 (ал. 6) |
| 942 ## - ДОПОЛНИТЕЛЬНЫЕ ЭЛЕМЕНТЫ ЗАПИСИ (АБИС) |
| Тип экземпляра АБИС |
Книга |
| 980 ## - КОЛЛЕКЦИЯ |
| Название коллекции |
Национальная библиография |